Normal view
MARC view
- Saman Ishtiaq Malik
Entry Personal Name
001 - CONTROL NUMBER
- control field: 98578
003 - CONTROL NUMBER IDENTIFIER
- control field: NUST
005 - DATE AND TIME OF LATEST TRANSACTION
- control field: 20220829120700.0
008 - FIXED-LENGTH DATA ELEMENTS
- fixed length control field: 220829|| aca||aabn | a|a d
040 ## - CATALOGING SOURCE
- Original cataloging agency: NUST
- Transcribing agency: NUST
100 ## - HEADING--PERSONAL NAME
- Personal name: Saman Ishtiaq Malik
670 ## - SOURCE DATA FOUND
- Source citation: Work cat.: (NUST)13390: Saman Ishtiaq Malik, Impact of game based learning using tablets on primary school student's engagements motivation and achievement in learning mathematics, 2015
